| 000 | 00842nam a22002297a 4500 | ||
|---|---|---|---|
| 999 |
_c20229 _d20229 |
||
| 003 | AR-CdUCM | ||
| 008 | 190528b ||||| |||| 00| 0 spa d | ||
| 020 | _a84-7146-011-4 | ||
| 040 |
_aMUNICIPALIDAD PROVINCIAL DEL CUSCO _cBIBLIOTECA MUNICIPAL DEL CUSCO |
||
| 041 | _hfre | ||
| 082 |
_23ed _a631.7 / _bS17 |
||
| 100 |
_aSaint Foulc, Jean D'At de _942287 |
||
| 245 | _aEl riego por aspersión / | ||
| 260 |
_aBarcelona : _bEditores técnicos asociados, _c1975. |
||
| 300 |
_a252 páginas ; _bIlustraciones, _c25 cm. |
||
| 505 | _aContenido: La planta, el agua y el suelo -- Calculo de una instalación de riego por aspersión -- Practica de riego... | ||
| 650 |
_aRiego por aspersión _921976 |
||
| 650 |
_aTécnicas _9975 |
||
| 700 |
_aFernandez Moreno, Jesús (traducción) _942288 |
||
| 942 |
_2ddc _cLIBROS |
||
| 945 |
_adavv _d2019-05-28 |
||